| 000 | 00953nam a22003017a 4500 | ||
|---|---|---|---|
| 001 | 7705 | ||
| 003 | FISKH | ||
| 005 | 20250731142103.0 | ||
| 008 | 250731b cb ||||| |||| 00| 0 eng d | ||
| 020 | _a9780756651992 | ||
| 040 |
_aFISKH _beng _cFISKH _dFISKH |
||
| 050 | _aPZ7.S42535 J | ||
| 082 | _a 791.43 | ||
| 100 | _aScott, Heather | ||
| 245 |
_aStar wars the clone wars : _bJedi in trainning / _cWritten by Heather Scott |
||
| 250 | _aThis edition first published in 2009 | ||
| 260 |
_aNew York : _bDK, _c2009 |
||
| 300 |
_a32 pages : _bcolor illustrations ; _c23 cm |
||
| 490 |
_aBeginning to reading alone : _v# Level 2 |
||
| 505 | _aE | ||
| 520 | _a"Join Ahsoka Tano as she trains to become a Jedi during dangerous times of the Clone Wars"--P. [4] of cover. | ||
| 521 | 8 |
_a270
_bLexile |
|
| 521 | 8 |
_aE
_bRaz-Plus |
|
| 650 |
_2Clone Wars _aStar Wars |
||
| 650 |
_2DK Readers _aJedi |
||
| 942 |
_2ddc _cBK _n0 |
||
| 999 |
_c7705 _d7705 |
||